|
|
|
|
| LEADER |
01945nam a2200265 a 4500 |
| 001 |
GR-MES16077 |
| 008 |
131209s2002 gr g 001 0 gre|c |
| 020 |
|
|
|a 9603322040
|
| 040 |
|
|
|a GrPaTEI
|b gre
|c GR-PaULI
|
| 082 |
|
0 |
|a 005.369
|2 21
|
| 245 |
0 |
0 |
|a 7+1 Office XP :
|b ελληνικά Windows XP, Office XP, εισαγωγή στους Η/Υ + εισαγωγή στο Internet : Word 2002, Excel 2002, PowerPoint 2002, Access 2002, Outlook 2002 /
|c [το βιβλίο γράφτηκε από ομάδα συγγραφέων και την επιμέλεια της έκδοσης είχε ο Δημήτρης Καρτσακλής].
|
| 246 |
1 |
8 |
|a Office XP 7+1 :
|b ελληνικά Windows XP, Office XP, εισαγωγή στους Η/Υ συν εισαγωγή στο Internet
|
| 260 |
|
|
|a Αθήνα :
|b Κλειδάριθμος,
|c 2002.
|
| 300 |
|
|
|a 847 σ. :
|b εικ. ;
|c 24 εκ.
|
| 500 |
|
|
|a Περιλαμβάνει ευρετήριο.
|
| 630 |
0 |
0 |
|a Microsoft Office.
|
| 650 |
|
7 |
|a Διαδίκτυο
|2 nlgaf
|
| 650 |
|
7 |
|a Επιχειρηματική δραστηριότητα
|x Προγράμματα υπολογιστών
|2 nlgaf
|
| 700 |
1 |
|
|a Καρτσακλής, Δημήτρης
|e επιμελητής.
|
| 942 |
|
|
|2 ddc
|
| 952 |
|
|
|0 0
|1 0
|2 ddc
|4 0
|6 005_369000000000000_OFF
|7 0
|9 273966
|a MSLG
|b MSLG
|c BSC
|d 2021-01-17
|e 24
|f 0
|g 0.00
|l 0
|o 005.369 OFF
|p 2420000024825
|r 2021-01-17 00:00:00
|t 1
|w 2021-01-17
|y BK15
|x 20140429 0 ΧΑΣΑΝΗ 1
|x GrPaTEI
|
| 952 |
|
|
|0 0
|1 0
|2 ddc
|4 0
|6 005_369000000000000_OFF
|7 0
|9 273967
|a MSLG
|b MSLG
|c EUD
|d 2021-01-17
|e 24
|f 0
|g 0.00
|l 0
|o 005.369 OFF
|p 2420000026899
|r 2021-01-17 00:00:00
|t 1
|w 2021-01-17
|y BK15
|x 20131209 0 ΧΑΣΑΝΗ 1
|x GrPaTEI
|
| 952 |
|
|
|0 0
|1 0
|2 ddc
|4 0
|6 005_369000000000000_OFF
|7 0
|9 273968
|a MSLG
|b MSLG
|c EUD
|d 2021-01-17
|e 24
|f 0
|g 0.00
|l 0
|o 005.369 OFF
|p 2420000026900
|r 2021-01-17 00:00:00
|t 1
|v 2021.00
|w 2021-01-17
|y BK15
|x 20131209 0 ΧΑΣΑΝΗ 0
|x GrPaTEI
|
| 971 |
|
|
|a .b2582126x
|b 17-09-20
|c 13-09-16
|
| 999 |
|
|
|c 158568
|d 158568
|